How fast can you type 'Qwerty'? - Statistics

General Stats
  • This quiz has been taken 132 times
  • The average score is 9 of 26
Answer Stats
Qwerty % Correct
Qwerty
100%
Qwerty
91%
Qwerty
79%
Qwerty
76%
Qwerty
66%
Qwerty
55%
Qwerty
52%
Qwerty
52%
Qwerty
43%
Qwerty
38%
Qwerty
31%
Qwerty
29%
Qwerty
26%
Qwerty
22%
Qwerty
21%
Qwerty
21%
Qwerty
19%
Qwerty
17%
Qwerty
14%
Qwerty
14%
Qwerty
12%
Qwerty
12%
Qwerty
12%
Qwerty
10%
Qwerty
9%
Qwerty
9%
No matching quizzes found
Score Distribution
Percent of People with Each Score
Percentile by Number Answered
Your Score History
You have not taken this quiz